| 000 | 00000nam##2200000za#4500 |
| 001 | 9.644116 |
| 003 | CaOODSP |
| 005 | 20240228150754 |
| 007 | cr ||||||||||| |
| 008 | 150407|2015||||xxc|||||o f|0| 0 fre|d |
| 020 | |a978-0-660-21927-1 |
| 040 | |aCaOODSP|bfre |
| 043 | |an-cn--- |
| 086 | 1 |aEm12-8/2015F-PDF |
| 110 | 1 |aCanada. |bEmploi et développement social Canada. |
| 245 | 10|aQuand il faut jongler entre travail et soins : |h[ressource électronique]|bcomment les employeurs peuvent soutenir les aidants naturels au sein de leur personnel |
| 246 | 13|aLe Plan canadien de soutien des employeurs aux aidants naturels |
| 260 | |aGatineau - Québec : |bEmploi et Développement social Canada |cc2015. |
| 300 | |a64p.|btableaux |
| 590 | |a15-10|b2015-03-06 |
| 691 | 07|aSoignant|2gcpds |
| 775 | 08|tWhen work and caregiving collide : |w(CaOODSP)9.700220 |
| 776 | 0#|tCaregivers report |w(CaOODSP)9.677925 |
| 776 | 0#|tJongler entre travail : rapport |w(CaOODSP)9.677926 |
| 856 | 40|ahttp://publications.gc.ca|qPDF|s4.10 Mo|uhttps://publications.gc.ca/collections/collection_2015/edsc-esdc/Em12-8-2015-fra.pdf |
| 986 | |aSP-1080-01-15F |